| 000 | 00871nas a2200253 454500 | ||
|---|---|---|---|
| 001 | 28182 | ||
| 005 | 20260407193507.0 | ||
| 008 | 260407s1960####ag###########|||spa#d | ||
| 003 | AR-UNSa-BCEJYS | ||
| 040 |
_aAR-UNSa-BCEJYS _bspa _cAR-UNSa-BCEJYS |
||
| 080 |
_a378 _xEnseñanza superior. Universidades. Escuelas especiales |
||
| 245 | 1 | 0 | _aRevista de la Universidad Nacional de Córdoba |
| 264 | 1 |
_aCórdoba : _bUniversidad Nacional de Córdoba _c1960 |
|
| 310 | _aFrecuencia: Bimestral | ||
| 942 | _cSER | ||
| 590 | _aniveau_biblio:s niveau_hierar:1 | ||
| 100 | 1 | _aMontserrat, Santiago | |
| 650 | _aUNIVERSIDADES | ||
| 650 | _aInvestigación | ||
| 650 | _aEducación | ||
| 650 | _aFilosofía | ||
| 650 | _aCORDOBA | ||
| 856 | 4 | 1 |
_uhttps://biblioeco.unsa.edu.ar/pmb/images/revistas/Revista de la Universidad Nacional de Cordoba-r13674.jpg _yImagen de portada _qimage/jpeg |
| 999 |
_c8639 _d8639 |
||